000 00322nam a22001337a 4500
008 171107b xxu||||| |||| 00| 0 eng d
020 _a9780273790013
041 _aeng
080 _216TH
_a330.722.6
100 _a62
101 _aKON
245 _aINTRODUCTION TO MANAGEMENT ACCOUNTING
_cHORNGREN,CH,T
942 _2udc
_cBK
999 _c37973
_d37973